Movies Quiz

Random Movies Quiz
Score 0/76 Timer 20:00
0 Plays Today
Answer % Correct
Star Wars
87.2%
Lord of the Rings
83%
Harry Potter
76.6%
Batman
68.1%
Indiana Jones
68.1%
Superman
66%
Star Trek
66%
Spiderman
63.8%
James Bond
61.7%
Shrek
61.7%
Toy Story
61.7%
Twilight
55.3%
Back to the Future
55.3%
Pirates of the Caribbean
55.3%
Iron Man
53.2%
The Godfather
53.2%
Alien
53.2%
Rocky
51.1%
Halloween
51.1%
Jaws
48.9%
Terminator
46.8%
Rambo
46.8%
X-Men
44.7%
Transformers
44.7%
Bourne
44.7%
Jurassic Park
44.7%
Ice Age
44.7%
Nightmare on Elm Street
44.7%
Lethal Weapon
44.7%
The Fast and the Furious
42.6%
Die Hard
42.6%
Friday the 13th
42.6%
Men in Black
42.6%
The Matrix
40.4%
Mission Impossible
40.4%
Scream
38.3%
Saw
38.3%
Beverly Hills Cop
36.2%
Answer % Correct
Austin Powers
31.9%
Oceans 11
31.9%
The Lion King
29.8%
Planet of the Apes
27.7%
Blade
27.7%
The Mummy
25.5%
Meet the Parents
23.4%
Scary Movie
23.4%
Home Alone
23.4%
Mad Max
23.4%
Evil Dead
21.3%
American Pie
19.1%
Hannibal
19.1%
The Naked Gun
19.1%
Police Academy
19.1%
The Hangover
17%
Rush Hour
17%
Resident Evil
17%
Narnia
14.9%
Spy Kids
14.9%
Marvel
12.8%
Final Destination
12.8%
Underworld
12.8%
The Karate Kid
8.5%
Tarzan
8.5%
Dead
8.5%
Transporter
8.5%
Dollars
8.5%
Mighty Ducks
6.4%
Mariachi
6.4%
Millenium
4.3%
Step Up
2.1%
Vengeance
2.1%
Jersey
2.1%
Police Story
0%
3 Colours
0%
Internal affairs
0%
Ingmar Bergman
0%
Remove Ads.
Support Sporcle.
Get the best of Sporcle when you Go Orange. This ad-free experience offers more features, more stats, and more fun while also helping to support Sporcle. Thank you for becoming a member.

You're not logged in!

Compare scores with friends on all Sporcle quizzes.
OR
Log In

Show Comments

Extras

Created Sep 30, 2013ReportNominate
Tags:saga

Top Quizzes Today


Score Distribution

Your Account Isn't Verified!

In order to create a playlist on Sporcle, you need to verify the email address you used during registration. Go to your Sporcle Settings to finish the process.

Report this User

Report this user for behavior that violates our Community Guidelines.

Details: